Every City in Nevada on a Map - Statistics

General Stats
  • This quiz has been taken 4,281 times
  • The average score is 9 of 19
Answers on the Map
Answers color-coded by a green-red scale on the quiz's map according to % correct below.
 
Answer Stats
Population City % Correct
660,929 Las Vegas
99%
274,915 Reno
94%
58,036 Carson City
92%
337,305 Henderson
80%
284,771 North Las Vegas
77%
20,785 Elko
65%
110,323 Sparks
60%
3,907 Ely
48%
8,261 Winnemucca
46%
14,828 Boulder City
44%
22,786 Mesquite
39%
9,577 Fallon
33%
4,499 West Wendover
33%
24,744 Fernley
31%
1,799 Lovelock
24%
1,244 Wells
24%
3,194 Yerington
21%
971 Caliente
19%
1,990 Carlin
19%
No matching quizzes found
Score Distribution
Percent of People with Each Score
Percentile by Number Answered
Your Score History
You have not taken this quiz